000
00314nam a2200133Ia 4500
008
240624s9999 xx 000 0 und d
041
_a
eng
082
_a
823 FOL
100
_a
FOLLETT KEN
245
_a
EDGE OF ETERNITY
260
_c
2014
_a
New Delhi
_b
Pan Macmillan India
300
_a
640 : p.
365
_c
RS
_b
25
999
_c
23624
_d
23624